000 00790 a2200217 4500
999 _c5450
_d5450
020 _a9780335156474
050 0 0 _aRA 395 BUT 1992
100 1 _aButler, John R.
_eAuthor
245 1 0 _aPatients, policies, and politics:
_bbefore and after working for patients /
_cJohn Butler
264 _aBuckingaham:
_bOpen University Press,
_c1992
300 _ax, 150p. :
440 0 _aState of health series
500 _aIncludes bibliographical references (p. [127]-145) and index.
504 _aIncludes bibliographical references (p. [127]-145) and index.
650 0 _aNational health services
650 2 _aDelivery of Health Care
650 2 _aHealth Policy
650 2 _aState Medicine
_xorganization & administration
942 _2lcc
_cBK
_h395
_iBUT
_kRA